| Tag |
First Indicator |
Second Indicator |
Subfields |
| LEADER |
00000cam a22000007a 4500 |
| 001 |
in00001304635 |
| 005 |
20151005071614.0 |
| 008 |
960329s1996 dcu f000 0 eng d |
| 010 |
|
|
|a gp 96068022
|
| 035 |
|
|
|a (OCoLC)34490366
|
| 035 |
|
|
|9 AHC3966AM
|
| 040 |
|
|
|a GPO
|c GPO
|d DLC
|d MvI
|d UtOrBLW
|
| 074 |
|
|
|a 0429-A
|
| 086 |
0 |
|
|a E 1.2:P 44/2/MARINE
|
| 245 |
0 |
0 |
|a Strategic petroleum reserve :
|b St. James Marine Terminal.
|
| 246 |
3 |
0 |
|a St. James Marine Terminal
|
| 264 |
|
1 |
|a [Washington, D.C.?] :
|b [Dept. of Energy],
|c [1996?]
|
| 300 |
|
|
|a 1 sheet.
|
| 336 |
|
|
|a text
|b txt
|2 rdacontent
|
| 337 |
|
|
|a unmediated
|b n
|2 rdamedia
|
| 338 |
|
|
|a sheet
|b nb
|2 rdacarrier
|
| 500 |
|
|
|a Shipping list number: 96-0172-P.
|
| 650 |
|
0 |
|a Petroleum shipping terminals
|z Louisiana.
|
| 710 |
1 |
|
|a United States.
|b Department of Energy.
|
| 999 |
|
|
|a MARS
|
| 999 |
f |
f |
|s a32a828b-91cd-32a9-a3de-b342fbf06d94
|i df14a2d4-d3f8-373d-ae6d-0eb80854fab6
|t 0
|
| 952 |
f |
f |
|p normal
|a Texas A&M University
|b College Station
|c Sterling C. Evans Library
|d Evans: US Documents (Annex 5th floor)
|t 0
|e E 1.2:P 44/2/MARINE
|h Superintendent of Documents classification
|i unmediated -- sheet
|m A14820408819
|
| 998 |
f |
f |
|a E 1.2:P 44/2/MARINE
|t 0
|l Evans: US Documents (Annex 5th floor)
|